Vainqueurs de Liège-Bastogne-Liège depuis 2000 - Statistiques

Statistiques générales
  • Ce quiz a été pris 13 fois
  • Le résultat moyen est 11 sur 22
Statistiques - réponses
Hint Réponse % Correct
Flag_of_Slovenia.svg Primož Roglič
100%
Flag_of_Slovenia.svg Tadej Pogačar
100%
Flag_of_Spain.svg Alejandro Valverde
92%
Flag_of_Belgium_%28civil%29.svg Remco Evenepoel
92%
MaillotLuxemburgo.PNG v
92%
MaillotEslovenia.PNG b
77%
Flag_of_Ireland.svg Daniel Martin
69%
Flag_of_Luxembourg.svg Andy Schleck
62%
MaillotAustralia.PNG?uselang=fr g
62%
Flag_of_Belgium_%28civil%29.svg Philippe Gilbert
62%
Drapeau_du_Danemark.png Jakob Fuglsang
54%
Flag_of_Luxembourg.svg Bob Jungels
46%
Flag_of_the_Netherlands.svg Wouter Poels
38%
Flag_of_Italy.svg Paolo Bettini
31%
Flag_of_Australia.svg Simon Gerrans
31%
Flag_of_the_United_States_%28DDD-F-416E_specifications%29.svg Tyler Hamilton
31%
Flag_of_Kazakhstan.svg Alexandr Vinokurov
23%
Flag_of_Italy.svg Davide Rebellin
23%
Flag_of_Kazakhstan.svg Maxim Iglinskiy
23%
Flag_of_Italy.svg Danilo Di Luca
15%
Flag_of_Switzerland.svg Oscar Camenzind
15%
Jersey_rainbow.svg ab
0%
Aucun quiz correspondant
Distribution des résultats
% des personnes avec chaque résultat
Percentile par nombre de réponses
Votre historique - résultats
Vous n’avez pas pris ce quiz